[Event "Team men HL chess 2017"]
[Site "Sochi"]
[Date "2017.05.02"]
[Round "2.3"]
[White "Paravyan, David"]
[Black "Triapishko, Alexandr"]
[Result "1-0"]
[WhiteElo "2528"]
[BlackElo "2490"]
[PlyCount "117"]
[EventDate "2017.05.01"]

1. d4 Nf6 2. c4 g6 3. Nc3 Bg7 4. e4 d6 5. Nf3 O-O 6. Be2 e5 7. d5 Nbd7 8. Be3
Ng4 9. Bg5 f6 10. Bh4 g5 11. Bg3 Nh6 12. Nd2 f5 13. exf5 Nf6 14. Nde4 Nxe4 15.
Nxe4 Bxf5 16. Bd3 g4 17. O-O Bxe4 18. Bxe4 Qg5 19. Qc1 Qxc1 20. Rfxc1 b6 21. b4
Nf5 22. c5 Nd4 23. cxd6 cxd6 24. Rc7 Rfc8 25. Rd7 Rd8 26. Rb7 Rdb8 27. Re7 Re8
28. Bh4 Rxe7 29. Bxe7 Bf8 30. Bg5 Rc8 31. Kf1 Kg7 32. Rc1 Rxc1+ 33. Bxc1 Be7
34. h3 h5 35. a4 Nb3 36. Be3 Nd4 37. Ke1 a5 38. bxa5 bxa5 39. Kd2 Bd8 40. Kd3
Kf6 41. f3 gxh3 42. gxh3 h4 43. f4 Nf5 44. Bd2 Ng3 45. Bf3 Kf5 46. Bg4+ Kf6 47.
Bc3 Bc7 48. Kc4 Ne4 49. fxe5+ dxe5 50. Be1 Kg5 51. Kb5 Nf6 52. Bd2+ Kg6 53. Kc6
Bd8 54. Be6 Ne4 55. Be1 Ng5 56. Kd7 Bb6 57. Bxh4 e4 58. d6 Nf3 59. Kc6 1-0

[Event "Team men HL chess 2017"]
[Site "Sochi"]
[Date "2017.05.02"]
[Round "2.3"]
[White "Iljin, Timofey"]
[Black "Zhukova, Natalia"]
[Result "0-1"]
[WhiteElo "2317"]
[BlackElo "2450"]
[PlyCount "76"]
[EventDate "2017.05.01"]

1. d4 Nf6 2. c4 c5 3. d5 b5 4. cxb5 a6 5. bxa6 g6 6. Nc3 Bg7 7. e4 O-O 8. e5
Ne8 9. h4 Bxe5 10. h5 Bxa6 11. Bxa6 Nxa6 12. Bh6 Ng7 13. Nf3 Bf6 14. Ng5 Qb6
15. Qd2 Rfb8 16. hxg6 fxg6 17. b3 Nb4 18. Nge4 Bd4 19. O-O Nf5 20. Bf4 Rf8 21.
a3 Na6 22. Rab1 Qb7 23. b4 cxb4 24. axb4 d6 25. Bg5 Nc7 26. g4 Nxd5 27. gxf5
Nxc3 28. Nxc3 Rxf5 29. Ne2 Qe4 30. Bf4 e5 31. Nxd4 Rxf4 32. Ne2 Rg4+ 33. Ng3
Ra3 34. Qe1 Qf4 35. Rb2 Qd4 36. Kh2 Qxb2 37. Ne4 Rh4+ 38. Kg1 Qd4 0-1

[Event "Team men HL chess 2017"]
[Site "Sochi"]
[Date "2017.05.02"]
[Round "2.3"]
[White "Kryakvin, Dmitry"]
[Black "Kurbedinov, Ramis"]
[Result "1-0"]
[WhiteElo "2560"]
[BlackElo "2318"]
[PlyCount "114"]
[EventDate "2017.05.01"]

1. c4 e6 2. g3 Nf6 3. Bg2 d5 4. Nf3 Be7 5. O-O O-O 6. b3 a5 7. Nc3 c6 8. d4 b6
9. Nd2 Ba6 10. e4 dxc4 11. Nxc4 b5 12. Ne3 b4 13. Ne2 a4 14. Nc4 Nbd7 15. Bf4
Nb6 16. Ne5 Bb5 17. Rc1 axb3 18. axb3 Rc8 19. Nd3 Nbd7 20. Rc2 c5 21. Qd2 Qb6
22. Rfc1 Ba6 23. Be3 Rfd8 24. h3 Qb5 25. Nb2 Qxe2 26. Qxe2 Bxe2 27. Rxe2 cxd4
28. Rxc8 Rxc8 29. Bxd4 e5 30. Ba7 Rc7 31. Be3 Rc3 32. Nc4 Rxb3 33. Ra2 h6 34.
Ra8+ Kh7 35. Ra7 Bf8 36. Rb7 Bc5 37. Nxe5 Rxe3 38. Nxd7 Re1+ 39. Bf1 Nxd7 40.
Rxd7 Kg8 41. Rd8+ Bf8 42. f3 Rc1 43. Kf2 g5 44. Bd3 Kg7 45. f4 Rc6 46. e5 gxf4
47. gxf4 b3 48. Ke2 Rb6 49. f5 Be7 50. Rd7 Kf8 51. f6 Bxf6 52. exf6 Rxf6 53.
Ke3 Rb6 54. Bb1 Kg7 55. Kd2 Kf6 56. Kc3 b2 57. Kc2 Kg7 {çàïèñü íåðàçáîð~~èâà}
1-0

[Event "Team men HL chess 2017"]
[Site "Sochi"]
[Date "2017.05.02"]
[Round "2.3"]
[White "Derjabin, Ilja"]
[Black "Barskij, Vladimir"]
[Result "0-1"]
[WhiteElo "2341"]
[BlackElo "2389"]
[PlyCount "44"]
[EventDate "2017.05.01"]

1. d4 d5 2. Nc3 Nf6 3. Bg5 Nbd7 4. Nf3 g6 5. e3 Bg7 6. Bd3 O-O 7. h4 c6 8. h5
Nxh5 9. Qe2 f5 10. O-O-O Qe8 11. Rdg1 e5 12. g4 fxg4 13. Rxg4 Ndf6 14. Rg2 e4
15. Nxe4 Nxe4 16. Ne5 Rxf2 17. Rxf2 Nhg3 18. Qf3 Nxf2 19. Qxg3 Nxh1 20. Qh4 Qf8
21. Nxg6 hxg6 22. Bxg6 Qf1+ 0-1

[Event "Team men HL chess 2017"]
[Site "Sochi"]
[Date "2017.05.02"]
[Round "2.4"]
[White "Sychev, Klementy"]
[Black "Goryachkina, Aleksandra"]
[Result "1/2-1/2"]
[WhiteElo "2459"]
[BlackElo "2470"]
[PlyCount "80"]
[EventDate "2017.05.01"]

1. c4 c6 2. Nf3 d5 3. g3 g6 4. Bg2 Bg7 5. Qa4 d4 6. d3 e5 7. Nbd2 Ne7 8. O-O
O-O 9. b4 Nd7 10. Qc2 a5 11. bxa5 Qxa5 12. a4 c5 13. Nb3 Qc7 14. a5 Ra6 15. Bd2
f5 16. Rab1 h6 17. e3 dxe3 18. fxe3 e4 19. dxe4 Nf6 20. Bc3 Nxe4 21. Bxg7 Kxg7
22. Nfd2 Nxd2 23. Qxd2 Qe5 24. e4 Rd6 25. Qf2 Nc6 26. Rbe1 Rdf6 27. Qxc5 Qxc5+
28. Nxc5 Nxa5 29. exf5 Rxf5 30. Ne6+ Bxe6 31. Rxe6 Nxc4 32. Re7+ Kf6 33. Rxf5+
Kxe7 34. Rxf8 Kxf8 35. Bxb7 Ne5 36. Kf2 Kg7 37. Be4 Kf6 38. Kg2 Nf7 39. Kf2 Nd6
40. Bd3 Nf5 1/2-1/2

[Event "Team men HL chess 2017"]
[Site "Sochi"]
[Date "2017.05.02"]
[Round "2.4"]
[White "Potapov, Pavel"]
[Black "Zakhartsov, Vladimir"]
[Result "1/2-1/2"]
[WhiteElo "2497"]
[BlackElo "2442"]
[PlyCount "105"]
[EventDate "2017.05.01"]

1. e4 c5 2. b3 g6 3. Bb2 Nf6 4. Nc3 Bg7 5. Nd5 O-O 6. Nxf6+ Bxf6 7. Bxf6 exf6
8. Bc4 Re8 9. Bd5 Nc6 10. Ne2 f5 11. d3 Qf6 12. O-O d6 13. Qd2 Be6 14. Nf4 Qg5
15. Rad1 Rad8 16. c3 Bxd5 17. Nxd5 Qxd2 18. Rxd2 Kg7 19. f3 Ne7 20. Nxe7 Rxe7
21. exf5 gxf5 22. Kf2 Rde8 23. Rc1 Kf6 24. c4 b6 25. d4 Kg5 26. dxc5 dxc5 27.
g3 h5 28. Rcc2 f6 29. f4+ Kg6 30. Re2 Rxe2+ 31. Rxe2 Rxe2+ 32. Kxe2 Kf7 33. Ke3
Kg6 34. Kf3 Kf7 35. Kg2 Kg6 36. Kh3 Kh6 37. Kh4 Kg6 38. a3 a5 39. Kh3 Kf7 40.
Kg2 Kg6 41. Kf3 Kh6 42. Ke3 Kg7 43. Ke2 Kf7 44. Kd3 Kg6 45. Kd2 Kh6 46. b4 a4
47. bxc5 bxc5 48. Ke3 Kg7 49. Kf3 Kh6 50. Kg2 Kg7 51. Kh3 Kg6 52. Kh4 Kh6 53.
Kh3 1/2-1/2

[Event "Team men HL chess 2017"]
[Site "Sochi"]
[Date "2017.05.02"]
[Round "2.4"]
[White "Gochelashvili, David"]
[Black "Belyakov, Bogdan"]
[Result "0-1"]
[WhiteElo "2425"]
[BlackElo "2470"]
[PlyCount "120"]
[EventDate "2017.05.01"]

1. e4 e5 2. Nf3 Nc6 3. Bc4 Nf6 4. d3 Bc5 5. O-O O-O 6. Re1 Ng4 7. Re2 Nd4 8.
Nxd4 Bxd4 9. h3 Nf6 10. c3 Bb6 11. Bg5 h6 12. Bh4 d6 13. Nd2 g5 14. Bg3 Nh5 15.
Nf1 Be6 16. Rd2 Ng7 17. Bxe6 fxe6 18. d4 exd4 19. cxd4 Qe8 20. a4 a5 21. Ne3
Qg6 22. Qb3 Qxe4 23. Bxd6 cxd6 24. Qxb6 Ra6 25. Qb3 Rf7 26. f3 Qf4 27. Qd3 Nf5
28. Re1 Kg7 29. Nxf5+ Qxf5 30. Qe3 d5 31. Qc3 Qf4 32. Rde2 Rc6 33. Qxa5 Qxd4+
34. Kh1 Qf6 35. b4 d4 36. b5 Rd6 37. Qd2 d3 38. Re3 Rfd7 39. Rd1 b6 40. a5 bxa5
41. Qxa5 d2 42. Qb4 Kf7 43. Qb1 Qf5 44. Qb2 Qf6 45. Qa2 Rc7 46. Qa3 Qf4 47. Re4
Qg3 48. Qe3 Rc1 49. Qa7+ Kg6 50. Qg1 Rxd1 51. Qxd1 Qf2 52. Kh2 Qc5 53. Qb1 Kf7
54. Ra4 Qf5 55. Ra7+ Kf6 56. Qd1 Qe5+ 57. f4 gxf4 58. Ra1 f3+ 59. Kg1 Qg3 60.
Qf1 d1=Q 0-1

[Event "Team men HL chess 2017"]
[Site "Sochi"]
[Date "2017.05.02"]
[Round "2.4"]
[White "Savitskiy, Sergey"]
[Black "Dordzhieva, Dinara"]
[Result "1-0"]
[WhiteElo "2416"]
[BlackElo "2271"]
[PlyCount "73"]
[EventDate "2017.05.01"]

1. e4 c5 2. Nf3 e6 3. d4 cxd4 4. Nxd4 a6 5. Nc3 Qc7 6. f4 b5 7. Bd3 Bb7 8. Qe2
b4 9. Na4 Nc6 10. Nb3 d6 11. Be3 Nf6 12. g4 Nd7 13. g5 Be7 14. h4 Na5 15. Rf1
Rc8 16. f5 e5 17. f6 gxf6 18. gxf6 Nxb3 19. axb3 Bxf6 20. Qh5 Qd8 21. Bg5 Rc6
22. Bc4 Rxc4 23. bxc4 Bxe4 24. O-O-O Bxg5+ 25. hxg5 Bg6 26. Qh6 Qc7 27. b3 Ke7
28. Qg7 Rd8 29. Rd5 Nf8 30. c5 Ne6 31. Qf6+ Ke8 32. Rfd1 dxc5 33. Rxd8+ Nxd8
34. Nb6 Ne6 35. Qh8+ Nf8 36. Nd5 Qb8 37. Qf6 1-0

[Event "Team men HL chess 2017"]
[Site "Sochi"]
[Date "2017.05.02"]
[Round "2.5"]
[White "Bublei, Pavel"]
[Black "Pavlov, Maxim"]
[Result "1/2-1/2"]
[WhiteElo "2399"]
[BlackElo "2486"]
[PlyCount "59"]
[EventDate "2017.05.01"]

1. d4 d5 2. c4 c6 3. Nc3 Nf6 4. e3 e6 5. Nf3 Nbd7 6. Bd3 dxc4 7. Bxc4 b5 8. Be2
Bb7 9. O-O Be7 10. a3 a5 11. Qc2 O-O 12. Rd1 Qb8 13. e4 b4 14. Na4 c5 15. e5
Nd5 16. Bd3 h6 17. Qe2 N5b6 18. Nxb6 Nxb6 19. Bf4 Rd8 20. dxc5 Bxc5 21. Rac1
Bf8 22. Nh4 Nd5 23. Qe4 f5 24. Nxf5 exf5 25. Qxf5 Nxf4 26. Qh7+ Kf7 27. Qf5+
Kg8 28. Qh7+ Kf7 29. Qf5+ Kg8 30. Qh7+ 1/2-1/2

[Event "Team men HL chess 2017"]
[Site "Sochi"]
[Date "2017.05.02"]
[Round "2.5"]
[White "Alexeev, Alexey"]
[Black "Antonenko, Vladimir"]
[Result "0-1"]
[WhiteElo "2301"]
[BlackElo "2311"]
[PlyCount "70"]
[EventDate "2017.05.01"]

1. d4 Nf6 2. c4 e6 3. g3 d5 4. Nf3 dxc4 5. Bg2 a6 6. O-O Nc6 7. e3 Bd7 8. Qe2
b5 9. b3 cxb3 10. axb3 Be7 11. Nc3 Nb4 12. Ne5 Rc8 13. Bb2 O-O 14. Rfd1 Be8 15.
e4 c6 16. f4 Qb6 17. Kh1 Nd7 18. Nf3 c5 19. d5 c4 20. bxc4 Rxc4 21. Na4 Qb8 22.
dxe6 fxe6 23. Ne5 Nxe5 24. Bxe5 Qb7 25. Qg4 Rf7 26. Nb2 Rc6 27. f5 Qc8 28. Rf1
exf5 29. exf5 Rc2 30. Rf4 Bc6 31. Rg1 Bc5 32. Bd4 Bxd4 33. Rxd4 Rxb2 34. Qg5
Bxg2+ 35. Rxg2 Rb1+ 0-1

[Event "Team men HL chess 2017"]
[Site "Sochi"]
[Date "2017.05.02"]
[Round "2.5"]
[White "Gubsky, Egor"]
[Black "Linker, Mikhail"]
[Result "0-1"]
[WhiteElo "2284"]
[BlackElo "2239"]
[PlyCount "110"]
[EventDate "2017.05.01"]

1. d4 Nf6 2. Nf3 b6 3. g3 Bb7 4. Bg2 e6 5. c4 Be7 6. O-O O-O 7. Nc3 Ne4 8. Bd2
d6 9. d5 Nxd2 10. Nxd2 e5 11. b4 Nd7 12. Nb3 Rb8 13. Rc1 a6 14. Na4 Qe8 15. c5
Nxc5 16. Naxc5 bxc5 17. bxc5 dxc5 18. Nxc5 Bd6 19. Qd3 Qe7 20. Nxb7 Rxb7 21.
Qxa6 Rb6 22. Qa5 Rfb8 23. Rc2 e4 24. e3 h5 25. Qd2 Rb4 26. Qe2 Qe5 27. Rd1 g6
28. Bf1 h4 29. Qg4 hxg3 30. hxg3 Kg7 31. Bc4 Rh8 32. Rd4 Rb1+ 33. Bf1 f5 34.
Qe2 Kf7 35. Rb2 Rc1 36. Rc2 Rb1 37. Rd1 Rbb8 38. a4 Rh5 39. Bg2 Rbh8 40. Qb5
Qe7 41. a5 Kf6 42. Kf1 Rh2 43. a6 Qh7 44. Qb2+ Kg5 45. a7 Rxg2 46. Qxh8 Rxf2+
47. Kxf2 Qxh8 48. Kg2 Kg4 49. Rh1 Qa8 50. Rd1 Bxg3 51. Ra2 f4 52. exf4 e3 53.
Kf1 Kf3 54. Rb2 Qh8 55. Kg1 Bf2+ 0-1

[Event "Team men HL chess 2017"]
[Site "Sochi"]
[Date "2017.05.02"]
[Round "2.5"]
[White "Pervakov, Sergey"]
[Black "Kuzmin, Artem"]
[Result "1-0"]
[WhiteElo "2134"]
[BlackElo "2040"]
[PlyCount "91"]
[EventDate "2017.05.01"]

1. e4 d6 2. Nc3 Nf6 3. d4 e5 4. Nf3 Nbd7 5. Bc4 Be7 6. O-O O-O 7. Re1 c6 8. a4
exd4 9. Nxd4 d5 10. exd5 Nb6 11. Bd3 Nbxd5 12. Nxd5 Nxd5 13. c3 Bf6 14. Bc2 Re8
15. Be4 Be6 16. Nxe6 Rxe6 17. Qc2 g6 18. Bd2 Qd6 19. Bf3 Rae8 20. Rxe6 Rxe6 21.
g3 Nb6 22. Bf4 Qe7 23. a5 Re1+ 24. Rxe1 Qxe1+ 25. Kg2 Nd5 26. Bxd5 cxd5 27. Be3
Qa1 28. Qb3 Qxa5 29. Qxb7 a6 30. Bh6 Qd8 31. Qxa6 d4 32. cxd4 Bxd4 33. Qb7 Bg7
34. Bxg7 Kxg7 35. b4 h5 36. b5 h4 37. Qc6 Qd4 38. b6 Qg4 39. h3 Qb4 40. g4 Qf4
41. b7 Qe5 42. Qc4 Kf6 43. Qb3 Qb8 44. Qc3+ Ke7 45. Qc8 Qe5 46. b8=Q 1-0

[Event "Team men HL chess 2017"]
[Site "Sochi"]
[Date "2017.05.02"]
[Round "2.6"]
[White "Pakhomov, Alexey"]
[Black "Taysayev, Timur"]
[Result "1-0"]
[WhiteElo "2343"]
[BlackElo "2245"]
[PlyCount "109"]
[EventDate "2017.05.01"]

1. c4 Nf6 2. Nc3 c6 3. Qa4 e5 4. d3 Na6 5. Nf3 Nc5 6. Qc2 d5 7. cxd5 cxd5 8. d4
exd4 9. Nxd4 Be7 10. Bf4 O-O 11. e3 Qa5 12. Be2 Nfe4 13. O-O Nxc3 14. bxc3 Qa4
15. Qxa4 Nxa4 16. c4 dxc4 17. Bxc4 Bd7 18. Bd5 Nc5 19. Rab1 Rfd8 20. Bc7 Re8
21. Bxb7 Nxb7 22. Rxb7 Bf6 23. Bf4 Bc8 24. Rc7 Bxd4 25. exd4 Be6 26. a3 Red8
27. Rd1 Rd5 28. f3 h6 29. Kf2 a6 30. Rc6 Rad8 31. Be3 Ra5 32. Rd3 Rdd5 33. Rdc3
Rdb5 34. R6c5 Kf8 35. h4 Ke8 36. g4 Kd8 37. Kg3 Ra4 38. Rxb5 axb5 39. d5 Bd7
40. Bb6+ Ke7 41. Bc5+ Kf6 42. Bb4 Ra7 43. Re3 Kg6 44. h5+ Kh7 45. Re7 f6 46.
Kf4 Kg8 47. Ke3 Rb7 48. Kd4 Rc7 49. Bc5 Rb7 50. f4 Kh7 51. f5 Kg8 52. Bd6 Kh7
53. Kc5 b4 54. Rxd7 Rxd7 55. axb4 1-0

[Event "Team men HL chess 2017"]
[Site "Sochi"]
[Date "2017.05.02"]
[Round "2.6"]
[White "Nazaretyan, Tigran"]
[Black "Meshkov, Yuri A"]
[Result "1-0"]
[WhiteElo "2356"]
[BlackElo "2345"]
[PlyCount "61"]
[EventDate "2017.05.01"]

1. d4 Nf6 2. c4 e6 3. Nc3 Bb4 4. e3 b6 5. Bd3 Bb7 6. Nf3 Ne4 7. O-O Bxc3 8.
bxc3 f5 9. Ne1 Qh4 10. f3 Ng5 11. Ba3 d6 12. c5 dxc5 13. dxc5 Nc6 14. Bb5 Rd8
15. Qb3 Kf7 16. Nd3 Rxd3 17. Bxd3 Rd8 18. Rad1 Rxd3 19. Rxd3 Ne5 20. Qd1 Qc4
21. Rd7+ Nxd7 22. Qxd7+ Kg6 23. cxb6 axb6 24. Bf8 Nf7 25. e4 Ba6 26. exf5+ exf5
27. Re1 h6 28. h4 Kh7 29. Qxf5+ Kg8 30. Re8 g6 31. Bxh6+ 1-0

[Event "Team men HL chess 2017"]
[Site "Sochi"]
[Date "2017.05.02"]
[Round "2.6"]
[White "Babarykin, Stanislav"]
[Black "Tenikashvili, Georgij"]
[Result "1/2-1/2"]
[WhiteElo "2354"]
[BlackElo "2305"]
[PlyCount "86"]
[EventDate "2017.05.01"]

1. e4 c6 2. d4 d5 3. Nc3 dxe4 4. Nxe4 Bf5 5. Ng3 Bg6 6. Nf3 Nd7 7. h4 h6 8. h5
Bh7 9. Bd3 Bxd3 10. Qxd3 e6 11. Bd2 Ngf6 12. O-O-O Be7 13. Kb1 O-O 14. Ne4 Nxe4
15. Qxe4 Nf6 16. Qe2 Qd5 17. Be3 b5 18. Ne5 Bd6 19. Bc1 c5 20. Ng4 Nxg4 21.
dxc5 Qxc5 22. Qxg4 Rac8 23. c3 Kh8 24. Be3 Qc7 25. Rd3 Be5 26. Rhd1 Rfd8 27.
Qe2 Rxd3 28. Qxd3 a6 29. f3 Kg8 30. a3 Bf6 31. g4 Rd8 32. Qc2 Rxd1+ 33. Qxd1
Qc6 34. Bc1 Qc4 35. Qd7 e5 36. Qf5 a5 37. Bxh6 gxh6 38. Qxf6 Qf1+ 39. Kc2 Qe2+
40. Kc1 Qe1+ 41. Kc2 Qe2+ 42. Kb1 Qd1+ 43. Ka2 Qd5+ 1/2-1/2

[Event "Team men HL chess 2017"]
[Site "Sochi"]
[Date "2017.05.02"]
[Round "2.6"]
[White "Abrekov, Mussa"]
[Black "Suslov, Evgeniy"]
[Result "0-1"]
[WhiteElo "2219"]
[BlackElo "2252"]
[PlyCount "62"]
[EventDate "2017.05.01"]

1. d4 Nf6 2. c4 g6 3. Nc3 Bg7 4. e4 O-O 5. Nf3 d6 6. Be2 e5 7. O-O Nc6 8. d5
Ne7 9. Ne1 Nd7 10. Be3 f5 11. f3 f4 12. Bf2 g5 13. Nd3 Ng6 14. c5 Nf6 15. Rc1
Rf7 16. a4 h5 17. a5 g4 18. Kh1 g3 19. Bg1 gxh2 20. Bxh2 h4 21. c6 Nh5 22. Nf2
Ng3+ 23. Kg1 b6 24. Re1 Qg5 25. Bf1 Bh6 26. Ra1 bxa5 27. Ng4 Bxg4 28. fxg4 f3
29. gxf3 Raf8 30. Bg2 Qe3+ 31. Rxe3 Bxe3# 0-1

[Event "Team men HL chess 2017"]
[Site "Sochi"]
[Date "2017.05.02"]
[Round "2.7"]
[White "Ponomarenko, Alexandr"]
[Black "Domogaev, Sergey"]
[Result "0-1"]
[WhiteElo "2240"]
[BlackElo "2431"]
[PlyCount "64"]
[EventDate "2017.05.01"]

1. e4 c5 2. Nf3 Nc6 3. d4 cxd4 4. Nxd4 e6 5. Be3 Nf6 6. Bd3 Bb4+ 7. c3 Be7 8.
O-O O-O 9. a4 d5 10. exd5 Nxd5 11. Nxc6 bxc6 12. Bd4 Bd6 13. Re1 c5 14. Be5
Bxe5 15. Rxe5 Nf4 16. Be2 Qf6 17. Re3 Bb7 18. Bf1 Rfd8 19. Qc2 Rd5 20. c4 Rd4
21. Nd2 Bxg2 22. Bxg2 Qg5 23. Rg3 Ne2+ 24. Kf1 Nxg3+ 25. hxg3 Rxd2 26. Qc3 Rad8
27. Re1 Qf5 28. Qe3 R8d3 29. Qf4 Qxf4 30. gxf4 Rxb2 31. Bc6 Rdd2 32. f3 g6 0-1

[Event "Team men HL chess 2017"]
[Site "Sochi"]
[Date "2017.05.02"]
[Round "2.7"]
[White "Pogosian, Georgy"]
[Black "Kayukov, Kirill"]
[Result "1-0"]
[WhiteElo "2204"]
[BlackElo "2155"]
[PlyCount "47"]
[EventDate "2017.05.01"]

1. d4 d5 2. c4 e6 3. Nc3 c6 4. e4 Nf6 5. e5 Nfd7 6. Nf3 Be7 7. cxd5 cxd5 8. Bd3
Nc6 9. O-O O-O 10. Re1 a6 11. a3 b5 12. Qc2 Qb6 13. Bxh7+ Kh8 14. Bd3 Nxd4 15.
Nxd4 Qxd4 16. Re3 f5 17. Ne2 Qb6 18. Nf4 Re8 19. Qe2 Kg8 20. Qh5 Bb7 21. Nxe6
d4 22. Bxf5 Nf8 23. Nxf8 Kxf8 24. e6 1-0

[Event "Team men HL chess 2017"]
[Site "Sochi"]
[Date "2017.05.02"]
[Round "2.7"]
[White "Tereshechkina, Maya"]
[Black "Parfenov, Viktor N"]
[Result "1-0"]
[WhiteElo "2056"]
[BlackElo "2240"]
[PlyCount "101"]
[EventDate "2017.05.01"]

1. e4 e5 2. Nf3 Nc6 3. d4 exd4 4. Nxd4 Bc5 5. Nxc6 Qf6 6. Qf3 bxc6 7. Be2 d6 8.
O-O Qxf3 9. Bxf3 Ne7 10. Nc3 Rb8 11. Na4 Bd4 12. c3 Bf6 13. Be3 c5 14. Bd1 Ba6
15. Re1 O-O 16. f4 Nc8 17. e5 Be7 18. Be2 Bb7 19. b3 Nb6 20. Nb2 Bc6 21. c4
Rfe8 22. Bf3 Bxf3 23. gxf3 Bf8 24. Nd3 Nd7 25. Bd2 g6 26. Rad1 Bg7 27. Ba5 Rbc8
28. Nf2 f5 29. exd6 cxd6 30. Rxe8+ Rxe8 31. Rxd6 Nf8 32. Nd3 Ne6 33. Kg2 Bh6
34. Kg3 Nd4 35. Rd8 Rxd8 36. Bxd8 Bf8 37. Bf6 Ne6 38. a3 Kf7 39. Bc3 Bd6 40. b4
Nxf4 41. Nxf4 g5 42. Bd2 cxb4 43. axb4 a6 44. Kh3 gxf4 45. Kh4 Kg6 46. Bc3 Kh6
47. b5 axb5 48. cxb5 Bb8 49. Bf6 Bc7 50. Bd4 Kg6 51. Ba7 1-0

[Event "Team men HL chess 2017"]
[Site "Sochi"]
[Date "2017.05.02"]
[Round "2.7"]
[White "Zaika, Daniil"]
[Black "Dulenko, Maxim"]
[Result "0-1"]
[WhiteElo "2149"]
[BlackElo "2144"]
[PlyCount "114"]
[EventDate "2017.05.01"]

1. d4 d5 2. Bf4 Nf6 3. e3 c6 4. c3 g6 5. Be2 Bg7 6. Nf3 O-O 7. O-O Nbd7 8. Nbd2
h6 9. h3 Re8 10. c4 b6 11. Rc1 Bb7 12. Ne5 Rc8 13. Qa4 a6 14. Ndf3 e6 15. cxd5
b5 16. Qb3 Nxd5 17. Bh2 N5b6 18. Rfd1 Qe7 19. Nd3 Na4 20. Nfe5 Nxe5 21. Bxe5
Bxe5 22. Nxe5 c5 23. dxc5 Rxc5 24. Rxc5 Qxc5 25. Nf3 Bd5 26. Qa3 Qxa3 27. bxa3
Rc8 28. Nd4 Bxa2 29. Bf3 Rc3 30. Ra1 Bc4 31. Nc6 Nc5 32. Na5 e5 33. Bd1 e4 34.
Nc6 f5 35. h4 h5 36. Nd4 Kf7 37. Kh2 Kf6 38. Kg3 Bd3 39. Kh2 a5 40. g3 b4 41.
axb4 axb4 42. Ra8 b3 43. Rb8 Bc2 44. Rb6+ Kg7 45. Be2 Nd3 46. Rb7+ Kf8 47. Rb8+
Ke7 48. Nb5 Rc5 49. Rb7+ Kd8 50. Nd4 Kc8 51. Nxb3 Kxb7 52. Nxc5+ Nxc5 53. Bc4
Bb3 54. Bb5 Nd3 55. Kg2 Ne5 56. Be8 Bc4 57. Kg1 Kb6 0-1

[Event "Team men HL chess 2017"]
[Site "Sochi"]
[Date "2017.05.02"]
[Round "2.8"]
[White "Tekeyev, Zaur"]
[Black "Gusarov, Grigory"]
[Result "1-0"]
[WhiteElo "2383"]
[BlackElo "2320"]
[PlyCount "99"]
[EventDate "2017.05.01"]

1. e4 e5 2. Nf3 Nc6 3. Nc3 Nf6 4. d4 exd4 5. Nxd4 Bb4 6. Nxc6 bxc6 7. Bd3 d5 8.
exd5 cxd5 9. O-O O-O 10. h3 h6 11. Qf3 c6 12. Bf4 Bd6 13. Ne2 Bxf4 14. Qxf4 Qb6
15. b3 Re8 16. Ng3 Qb8 17. Qd2 Be6 18. Rfe1 c5 19. c3 a5 20. Bc2 Ra7 21. Rad1
Rae7 22. Re3 Bc8 23. Rxe7 Rxe7 24. c4 Be6 25. cxd5 Nxd5 26. Qxa5 Ra7 27. Qd2
Rd7 28. Qe1 Kf8 29. Ne4 Qb4 30. Qe2 Ra7 31. Bb1 Rc7 32. Rc1 Qa3 33. Qd2 Rc8 34.
Nd6 Rd8 35. Nb7 Rc8 36. Be4 Nf6 37. Rxc5 Re8 38. Bf3 Ra8 39. Ra5 Rxa5 40. Nxa5
g5 41. Nc6 Kg7 42. Nd4 Bd7 43. Ne2 Be6 44. Nd4 Bd7 45. b4 Ng8 46. b5 Ne7 47. b6
Qd6 48. Qb2 f6 49. b7 Qb8 50. a4 1-0

[Event "Team men HL chess 2017"]
[Site "Sochi"]
[Date "2017.05.02"]
[Round "2.8"]
[White "Ozgibcev, Anatoly"]
[Black "Nechaev, Oleg"]
[Result "1/2-1/2"]
[WhiteElo "2379"]
[BlackElo "2386"]
[PlyCount "82"]
[EventDate "2017.05.01"]

1. e4 c5 2. c3 d5 3. exd5 Qxd5 4. d4 cxd4 5. cxd4 Nc6 6. Nf3 e5 7. Nc3 Bb4 8.
Bd2 Bxc3 9. Bxc3 e4 10. Ne5 Nxe5 11. dxe5 Ne7 12. Qc2 O-O 13. Rd1 Qxa2 14. Qxe4
Bf5 15. Qf3 Rad8 16. Be2 Rxd1+ 17. Bxd1 Qc4 18. Be2 Qe4 19. O-O Nd5 20. Qxe4
Bxe4 21. Bd2 Rc8 22. Rc1 Rxc1+ 23. Bxc1 Nb4 24. f4 Nd3 25. Bxd3 Bxd3 26. Kf2 h5
27. h3 Kf8 28. g4 hxg4 29. hxg4 g6 30. Ke3 Bc2 31. Kd2 Bb1 32. Kc3 Ke7 33. Be3
b6 34. Kc4 Kd7 35. b4 Be4 36. f5 gxf5 37. gxf5 Bxf5 38. Kd5 Be6+ 39. Kd4 Kc6
40. Bc1 Kb5 41. Kc3 a5 1/2-1/2

[Event "Team men HL chess 2017"]
[Site "Sochi"]
[Date "2017.05.02"]
[Round "2.8"]
[White "Rozhko, Dmitry"]
[Black "Savchuk, Vladimir"]
[Result "1-0"]
[WhiteElo "2351"]
[BlackElo "2077"]
[PlyCount "31"]
[EventDate "2017.05.01"]

1. d4 Nf6 2. Nf3 c5 3. c3 Qb6 4. Qb3 d6 5. Nbd2 Be6 6. dxc5 dxc5 7. Qa4+ Bd7 8.
Qh4 Bb5 9. a4 Bc6 10. Nc4 Qb3 11. Nfd2 Qc2 12. e4 g5 13. Qh3 Bd7 14. Qe3 Ng4
15. Qf3 Nf6 16. Ne3 1-0

[Event "Team men HL chess 2017"]
[Site "Sochi"]
[Date "2017.05.02"]
[Round "2.8"]
[White "Bezdenezhnyh, Pavel"]
[Black "Nuristani, Iman"]
[Result "1/2-1/2"]
[WhiteElo "2188"]
[BlackElo "2026"]
[PlyCount "93"]
[EventDate "2017.05.01"]

1. e4 e6 2. d4 d5 3. Nc3 dxe4 4. Nxe4 Bd7 5. Nf3 Bc6 6. Bd3 Nd7 7. O-O Ngf6 8.
Ng3 Be7 9. b3 O-O 10. Bb2 Bxf3 11. Qxf3 c6 12. c4 Qa5 13. a3 Rfe8 14. Rfe1 Qb6
15. Rad1 Rad8 16. Bc2 Qa5 17. h4 Bd6 18. Re2 Qc7 19. Rde1 Rc8 20. Bb1 Qa5 21.
b4 Qc7 22. Nf1 h6 23. g4 Bf4 24. Ne3 g6 25. Ng2 Bh2+ 26. Kh1 h5 27. g5 Ng4 28.
Ne3 Nxe3 29. Rxe3 Bd6 30. Qd1 Bf8 31. d5 cxd5 32. cxd5 e5 33. f4 Bg7 34. f5 Qd6
35. Bc3 Rc4 36. Rh3 Rec8 37. Bb2 Rg4 38. Be4 Rc4 39. Qd3 Nb6 40. f6 Bf8 41.
Bxg6 Qxd5+ 42. Qxd5 Nxd5 43. Bf5 Rgf4 44. Rxe5 Rf1+ 45. Kg2 Rcf4 46. Rxd5 R4f2+
47. Kg3 1/2-1/2

[Event "Team men HL chess 2017"]
[Site "Sochi"]
[Date "2017.05.03"]
[Round "3.3"]
[White "Triapishko, Alexandr"]
[Black "Iljiushenok, Ilia"]
[Result "1/2-1/2"]
[WhiteElo "2490"]
[BlackElo "2489"]
[PlyCount "69"]
[EventDate "2017.05.01"]

1. e4 c5 2. Nf3 e6 3. d4 cxd4 4. Nxd4 Nc6 5. Nc3 Qc7 6. Be3 a6 7. Qd2 Nf6 8. f4
Bb4 9. Bd3 Na5 10. a3 Bxc3 11. Qxc3 Qxc3+ 12. bxc3 d5 13. e5 Ne4 14. Nb3 Nc4
15. Bxc4 dxc4 16. Na5 b5 17. Bd4 f5 18. exf6 gxf6 19. Ke2 Rg8 20. Kf3 f5 21. g4
Bd7 22. g5 O-O-O 23. a4 Be8 24. Ke3 e5 25. Bxe5 Rd2 26. axb5 Bxb5 27. Rhb1 Rg6
28. h4 h5 29. Rd1 Rxc2 30. Rdc1 Rh2 31. Rh1 Rc2 32. Rhc1 Rh2 33. Rh1 Rc2 34.
Rhc1 Rh2 35. Rh1 1/2-1/2

[Event "Team men HL chess 2017"]
[Site "Sochi"]
[Date "2017.05.03"]
[Round "3.3"]
[White "Chernobay, Artem"]
[Black "Iljin, Timofey"]
[Result "1/2-1/2"]
[WhiteElo "2496"]
[BlackElo "2317"]
[PlyCount "79"]
[EventDate "2017.05.01"]

1. e4 c5 2. Nf3 Nc6 3. Bb5 d6 4. O-O Bd7 5. c3 Nf6 6. Re1 a6 7. Ba4 b5 8. Bc2
Bg4 9. h3 Bxf3 10. Qxf3 g6 11. a4 Rb8 12. axb5 axb5 13. Na3 Bg7 14. Nxb5 Rxb5
15. e5 Nxe5 16. Rxe5 O-O 17. Re1 d5 18. d3 e6 19. Ba4 Rb6 20. b3 Nd7 21. Bd2
Ne5 22. Qg3 Nc6 23. Rac1 Ne7 24. Bf4 Nf5 25. Qh2 Nd6 26. Be3 Nb7 27. c4 dxc4
28. dxc4 Rd6 29. Qg3 Qe7 30. h4 Rfd8 31. Qf3 Bb2 32. Rc2 Bd4 33. Bg5 f6 34. Bf4
e5 35. Bh6 Qc7 36. Ra2 Na5 37. Bb5 Nc6 38. Kh1 Ne7 39. g4 Kf7 40. Bd2 {
çàïèñü íåðàçáîð~~èâà} 1/2-1/2